Education facility security handbook -(E-BOOK) (Record no. 193125)

000 -LEADER
fixed length control field 00781 a2200229 4500
003 - CONTROL NUMBER IDENTIFIER
control field Nust
005 - DATE AND TIME OF LATEST TRANSACTION
control field 20170207154051.0
010 ## - LIBRARY OF CONGRESS CONTROL NUMBER
LC control number 2007022477
020 ## - INTERNATIONAL STANDARD BOOK NUMBER
International Standard Book Number 0865871671 (cloth : alk. paper)
020 ## - INTERNATIONAL STANDARD BOOK NUMBER
International Standard Book Number 9780865871670 (cloth : alk. paper)
040 ## - CATALOGING SOURCE
Transcribing agency Nust
082 00 - DEWEY DECIMAL CLASSIFICATION NUMBER
Classification number 371.782
100 1# - MAIN ENTRY--PERSONAL NAME
Personal name Philpott, Don,
245 10 - TITLE STATEMENT
Title Education facility security handbook -(E-BOOK)
Statement of responsibility, etc. Don Philpott and Michael W. Kuenstle.
260 ## - PUBLICATION, DISTRIBUTION, ETC.
Place of publication, distribution, etc. Lanham, Md. :
Name of publisher, distributor, etc. Government Institutes,
Date of publication, distribution, etc. c2007.
300 ## - PHYSICAL DESCRIPTION
Extent xiv, 450 p. :
Other physical details ill. ; 26 cm.
650 #0 - SUBJECT ADDED ENTRY--TOPICAL TERM
Topical term or geographic name entry element Schools
General subdivision Security measures
Geographic subdivision United States.
650 #0 - SUBJECT ADDED ENTRY--TOPICAL TERM
Topical term or geographic name entry element Schools
Geographic subdivision United States
General subdivision Safety measures.
651 ## - SUBJECT ADDED ENTRY--GEOGRAPHIC NAME
Geographic name E-BOOK
700 1# - ADDED ENTRY--PERSONAL NAME
Personal name Kuenstle, Michael W.
856 41 - ELECTRONIC LOCATION AND ACCESS
Materials specified Table of contents only
Uniform Resource Identifier <a href="http://www.loc.gov/catdir/toc/ecip0719/2007022477.html">http://www.loc.gov/catdir/toc/ecip0719/2007022477.html</a>
942 ## - ADDED ENTRY ELEMENTS (KOHA)
Source of classification or shelving scheme
Koha item type Book
Holdings
Withdrawn status Lost status Source of classification or shelving scheme Damaged status Not for loan Collection code Permanent Location Current Location Date acquired Total Checkouts Full call number Barcode Date last seen Price effective from Koha item type
            Military College of Signals (MCS) Military College of Signals (MCS) 12/12/2016   371.782 PHI MCSEB-2750 12/08/2016 12/12/2016 Book
© 2023 Central Library, National University of Sciences and Technology. All Rights Reserved.